World development indicators 2005

Enregistré dans:
Détails bibliographiques
Format: Livre
Langue:anglais
Publié: Washington, D.C. <The> World Bank 2005
Sujets:
Tags: Ajouter un tag
Pas de tags, Soyez le premier à ajouter un tag!

MARC

LEADER 00000nam$a2200000$$$4500
001 0041242
005 20231114123929.6
020 |a 0-8213-6071-X 
041 0 |a eng 
044 |a US 
245 1 0 |a World development indicators 2005 
264 1 |a Washington, D.C.  |b <The> World Bank  |c 2005 
300 |a 403 s. 
610 2 0 |a situácia hospodárska 
610 2 0 |a ukazovatele ekonomické 
610 2 0 |a ukazovatele sociálne 
610 2 0 |a vývoj hospodársky 
610 2 0 |a údaje štatistické 
610 2 0 |a porovnanie štatistické medzinárodné 
610 2 0 |a svet 
610 2 0 |a 2005